000
00212nam a2200097Ia 4500
008
240331s9999 xx 000 0 und d
082
_b
PUS
100
_a
Pushpavanam, N.R
245
0
_a
Vil prantha kathai
942
_c
L
999
_c
3683
_d
3683